Statistics for Liverpool FC Squad 2014/15

Click here to take the quiz!

General Stats

  • This quiz has been taken 2,449 times
    (1,985 since last reset)
  • The average score is 19 of 33

Answer Stats

Hint Answer % Correct
8Steven Gerrard
95%
15Daniel Sturridge
91%
22Simon Mignolet
90%
14Jordan Henderson
88%
10Philippe Coutinho
85%
37Martin Skrtel
81%
31Raheem Sterling
80%
2Glen Johnson
79%
6Dejan Lovren
78%
18Alberto Moreno
76%
20Adam Lallana
75%
1Brad Jones
74%
9Rickie Lambert
67%
17Mamadou Sakho
67%
21Lucas Leiva
67%
23Emre Can
66%
4Kolo Toure
62%
3Jose Enrique
62%
45Mario Balotelli
61%
24Joe Allen
61%
33Jordon Ibe
59%
38Jon Flanagan
50%
50Lazar Markovic
50%
29Fabio Borini
44%
46Jordan Rossiter
35%
19Javier Manquillo
35%
52Danny Ward
33%
32Cameron Brannagan
26%
48Jerome Sinclair
20%
44Brad Smith
19%
36Samed Yesil
16%
49Jordan Williams
8%
41Jack Dunn
5%

Score Distribution

Percentile by Number Answered

Percent of People with Each Score

Your Score History

You have not taken this quiz since the last reset